Rola informacji w procesach dostosowawczych na rynku pracy

Bibliographic Details
Main Author: Ostoj, Izabela (Author)
Format: Article
Language:Slovak
Polish
ISSN:1336-0019
Subjects:

MARC

LEADER 00000nab a2200000 a 4500
001 vtls008827564
003 SK-MaSNL
005 20260304143809.0
008 250505c2006 xo fr|p|||||||000 b|slo
015 |a SNBRB2006/06  |2 snkbucl 
035 |a (uuid)25b84002-91a3-4377-adef-d8162ec892d5 
035 |a urn:nbn:sk:snk-ab94c9 
035 |a (urnnbn)urn:nbn:sk:snk:ar-0025og 
038 |a SNKBUCL 
040 |a SNKBUCL  |b slo  |c SNKBUCL  |e AACR2 
041 0 |a pol  |b eng 
044 |a xo  |c SK 
080 |a 331.5:659.2  |2 1997 
080 |a 659.2  |2 1997 
100 1 |a Ostoj, Izabela  |4 aut  |9 1464918 
245 1 0 |a Rola informacji w procesach dostosowawczych na rynku pracy  |c Izabela Ostoj 
504 |a Bibliogr. odkazy 
546 |a Res. angl. 
650 0 7 |a trh práce  |2 snkbucl  |9 2371 
650 0 7 |a informácie  |2 snkbucl  |9 1285 
773 0 |t Krízový manažment = Crisis Management  |g Roč. 5, č. 1 (2006), s.  |x 1336-0019 
850 |a Slovenská národná knižnica 
852 |a Slovenská národná knižnica 
954 |a odborná, vedecká literatúra cudzojazyčná (svetová)  |2 lita 
958 |a article13 
958 |a OND 
958 |a NB 
958 |a EUIPO 
999 |c 2927667  |d 2929597